[Event "DEM U14 2016"]
[Site "Willingen GER"]
[Date "2016.05.19"]
[Round "7"]
[White "Pysarenko, Kyrill"]
[Black "Rauch, Arwid"]
[Result "1-0"]
[Termination "normal"]
[Board "23"]
[WhiteElo "1718"]
[BlackElo "1560"]
[PlyCount "193"]
[WhiteFideId "12974250"]
[BlackFideId "16215923"]
[EventCountry "GER"]
[EventRounds "9"]
[EventType "swiss"]
[EventDate "2016.05.14"]

1. e4 e5 2. Nf3 Nc6 3. Bb5 a6 4. Ba4 Nf6 5. O-O Be7 6. Re1 b5 7. Bb3 d6 8. c3
O-O 9. d4 Bb7 10. Nbd2 h6 11. Nf1 Re8 12. Ng3 Bf8 13. d5 Nb8 14. h3 g6 15. Nh2
c5 16. Ng4 Kh7 17. Qf3 Nbd7 18. a4 c4 19. Bc2 Bg7 20. Nxf6+ Qxf6 21. Qe2 Nc5
22. Be3 Rac8 23. axb5 axb5 24. Ra7 Rb8 25. Rea1 Bf8 26. Qd1 Red8 27. Ne2 Qe7
28. Nc1 Ra8 29. Rxa8 Rxa8 30. Rxa8 Bxa8 31. Na2 Qa7 32. Nb4 Bb7 33. b3 cxb3 34.
Bxb3 Bc8 35. Nc6 Qa3 36. Bxc5 Qxc5 37. Qd3 Bd7 38. c4 bxc4 39. Qxc4 Qxc4 40.
Bxc4 f5 41. f3 fxe4 42. fxe4 Kg7 43. Nb8 Be8 44. Na6 Kf6 45. Nc7 Bd7 46. Bb5
Bxb5 47. Nxb5 h5 48. Kf2 Ke7 49. Kg3 Bg7 50. Kf3 Bf6 51. g4 Kd7 52. gxh5 gxh5
53. Nc3 Ke8 54. Ne2 Bh4 55. Nc3 Kf7 56. Nd1 Bg5 57. Nb2 Ke7 58. Nc4 Kd7 59.
Nb6+ Kc7 60. Na4 Kd7 61. Nb2 Ke7 62. Nc4 Kd7 63. Nb6+ Ke7 64. Na4 Kd7 65. Nc3
Ke7 66. Kg3 Kf6 67. Ne2 Kg6 68. h4 Bd2 69. Kf2 Bb4 70. Ng3 Bc5+ 71. Ke2 Bb4 72.
Nf5 Bc5 73. Kd3 Bf2 74. Kc4 Kf7 75. Nxd6+ Ke7 76. Nf5+ Kd7 77. Kd3 Bb6 78. Kc4
Bf2 79. Kb5 Be1 80. Ng7 Bxh4 81. Nxh5 Bf2 82. Nf6+ Kd6 83. Ng4 Bd4 84. Nh6 Ba1
85. Nf5+ Kd7 86. Kc5 Bb2 87. d6 Bc3 88. Kd5 Bb2 89. Nh6 Ba3 90. Nf7 Bb4 91.
Kxe5 Bc3+ 92. Kd5 Bf6 93. e5 Bh4 94. e6+ Ke8 95. d7+ Kf8 96. d8=Q+ Bxd8 97.
Nxd8 1-0